书目信息 |
| 题名: |
宋词三百首
|
|
| 作者: | 张燕瑾选 注 | |
| 分册: | ||
| 出版信息: | 天津 百花文艺出版社 2000.05 |
|
| 页数: | 463页 | |
| 开本: | 32开 | |
| 丛书名: | ||
| 单 册: | ||
| 中图分类: | I222.844 | |
| 科图分类: | ||
| 主题词: | 诗歌--中国 , 韵文--中国 | |
| 电子资源: | ||
| ISBN: | 7-5306-2810-0 | |
| 000 | 00576nam0 2200205 45 | |
| 001 | 0011071893 | |
| 005 | 20001107185528.8 | |
| 010 | @a7-5306-2810-0@d21.00元 | |
| 100 | @a20001107d2000 km y0chiy0120 ea | |
| 101 | 0 | @achi |
| 105 | @a z 000yy | |
| 200 | 1 | @a宋词三百首@ASong Ci San Bai Shou@f张燕瑾选注@FZhang Yan Jin Xuan Zhu |
| 210 | @a天津@c百花文艺出版社@d2000.05 | |
| 215 | @a463页@d32开 | |
| 606 | 0 | @a诗歌@x中国 |
| 606 | 0 | @a韵文@x中国 |
| 690 | @aI222.844@v3 | |
| 701 | 0 | @a张燕瑾选@4注 |
| 801 | @aCN@bPftUser@c20001107 | |
| 905 | @b211577-586@dI222.844@eZH361@f10 | |
| 宋词三百首/张燕瑾选注.-天津:百花文艺出版社,2000.05 |
| 463页;32开 |
| ISBN 7-5306-2810-0:21.00元 |
| ● |
| 相关链接 |
|
|
|
正题名:宋词三百首
索取号:I222.844/ZH361
 
预约/预借
| 序号 | 登录号 | 条形码 | 馆藏地/架位号 | 状态 | 备注 |
| 1 | 211577 | 202115772 | 文学库108/ [索取号:I222.844/ZH361] | 在馆 | |
| 2 | 211578 | 202115781 | 文学库108/108文学库 17排4列3层/ [索取号:I222.844/ZH361] | 在馆 | |
| 3 | 211579 | 202115790 | 文学库108/ [索取号:I222.844/ZH361] | 在馆 | |
| 4 | 211580 | 202115807 | 文学库108/108文学库 17排4列3层/ [索取号:I222.844/ZH361] | 在馆 | |
| 5 | 211581 | 202115816 | 文学库108/108文学库 17排4列5层/ [索取号:I222.844/ZH361] | 在馆 | |
| 6 | 211582 | 202115825 | 文学库108/108文学库 17排4列3层/ [索取号:I222.844/ZH361] | 在馆 | |
| 7 | 211583 | 202115834 | 文学库108/108文学库 17排4列3层/ [索取号:I222.844/ZH361] | 在馆 | |
| 8 | 211584 | 202115843 | 文学库108/108文学库 17排4列3层/ [索取号:I222.844/ZH361] | 在馆 | |
| 9 | 211585 | 202115852 | 文学库108/ [索取号:I222.844/ZH361] | 在馆 | |
| 10 | 211586 | 202115861 | 文学库108/ [索取号:I222.844/ZH361] | 在馆 |